Statistics for Recently Independent Countries Quiz

Click here to take the quiz!

General Stats

  • This quiz has been taken 74,134 times
    (35,782 since last reset)
  • The average score is 25 of 30

Answer Stats

Country% Correct
Slovakia
97%
South Sudan
96%
Czech Republic
96%
Serbia
94%
Ukraine
94%
Latvia
93%
Croatia
93%
Lithuania
92%
Kazakhstan
92%
Bosnia and Herzegovina
92%
Estonia
92%
Slovenia
91%
Belarus
91%
Kosovo
90%
Montenegro
89%
North Macedonia
89%
Georgia
88%
Uzbekistan
87%
Turkmenistan
86%
Armenia
86%
Azerbaijan
86%
Tajikistan
85%
Kyrgyzstan
84%
Eritrea
82%
East Timor
81%
Moldova
80%
Russia
67%
Namibia
58%
Yemen
19%
Palau
14%

Score Distribution

Percentile by Number Answered

Percent of People with Each Score

Your Score History

You have not taken this quiz since the last reset